000 01284nam a22002297a 4500
005 20210325191046.0
008 s2531 th tha d
041 _atha
090 _aว JK155 ว633ก 2531
100 0 _aวิบูลพงศ์ พูนประสิทธิ์
245 1 0 _aการปกครองระบบสหพันธรัฐของอเมริกา : ความสัมพันธ์ของระบบสหพันธรัฐกับการเลือกตั้งประธานาธิบดี
260 3 _aกรุงเทพฯ :
_bศูนย์วิจัย มหาวิทยาลัยธรรมศาสตร์,
_c2531
300 _a67 หน้า :
_b ภาพประกอบ, แผนที่ ;
_c 29 ซม.
650 0 4 _aประธานาธิบดี -- สหรัฐอเมริกา -- การเลือกตั้ง
650 0 4 _aสมาพันธรัฐ
650 0 4 _aสหรัฐอเมริกา -- การเมืองและการปกครอง
650 0 4 _aสหพันธรัฐ
850 _aNALT
942 _cRSH
997 _c000000000027286
_kVC
998 _aJETANANARD SUWANDEE
999 _c27286
_d27286